ह्रदयाकाश के हीरे/ (Record no. 200925)

MARC details
000 -LEADER
fixed length control field 00921nam a22002177a 4500
003 - CONTROL NUMBER IDENTIFIER
control field dpl
005 - DATE AND TIME OF LATEST TRANSACTION
control field 20240221164635.0
008 - FIXED-LENGTH DATA ELEMENTS--GENERAL INFORMATION
fixed length control field 240220b |||||||| |||| 00| 0 eng d
010 ## - LIBRARY OF CONGRESS CONTROL NUMBER
LC control number HIN-126924
020 ## - INTERNATIONAL STANDARD BOOK NUMBER
Terms of availability 50.00
035 ## - SYSTEM CONTROL NUMBER
System control number HN-99270
037 ## - SOURCE OF ACQUISITION
Source of stock number/acquisition DBAD/PUB
040 ## - CATALOGING SOURCE
Transcribing agency 0
082 ## - DEWEY DECIMAL CLASSIFICATION NUMBER
Classification number 808.88
100 ## - MAIN ENTRY--PERSONAL NAME
Personal name सरस्वती स्वामीश्री अखंडानन्द
9 (RLIN) 62287
245 ## - TITLE STATEMENT
Title ह्रदयाकाश के हीरे/
Statement of responsibility, etc सरस्वती स्वामीश्री अखंडानन्द
260 ## - PUBLICATION, DISTRIBUTION, ETC. (IMPRINT)
Place of publication, distribution, etc मुंबई
Name of publisher, distributor, etc स्वामी अखंडानन्द पुस्तकालय
Date of publication, distribution, etc 2011
270 ## - ADDRESS
Address 28/16 बी जी खेरमार्ग मालावार हिल
City मुंबई
Postal code 400006
300 ## - PHYSICAL DESCRIPTION
Extent 164पृष्ठ;
Dimensions 22cm (अजिल्द)
942 ## - ADDED ENTRY ELEMENTS (KOHA)
Source of classification or shelving scheme Dewey Decimal Classification
Koha item type Hindi Books
Classification part 808.88
Call number suffix ह्रदया
Holdings
Withdrawn status Lost status Source of classification or shelving scheme Damaged status Not for loan Collection code Home library Current library Date acquired Source of acquisition Cost, normal purchase price Total Checkouts Full call number Barcode Date last seen Copy number Cost, replacement price Price effective from Koha item type
    Dewey Decimal Classification     Non-fiction Sarojini Nagar Sarojini Nagar 21/02/2024 DBAD/PUB 1000.00   808.88 ह्रदया HN-99270 21/02/2024 1 1000.00 21/02/2024 Hindi Books

© Delhi Public Library
Hit Counter
free hit counter